000 00882nas a2200289 4500
001 BR9601840
003 BR-BrBNA
005 20231205095724.0
007 ta
008 230509b bl.|||p| |||| 00| 00por d
040 _aBR-BrBNA
_bpor
_cBiblioteca Nacional de Agricultura
041 _a(Pt)
072 _aH60
100 1 _aMusumeci, M.R.
100 1 _aNakagawa, L.E.
100 1 _aLuchini, L.C.
100 1 _aMatallo, M.B.
100 1 _aAndrea, M.M. de
245 1 _aDegradacao do diuron-14C em solo e em plantas de cana-de-acucar (Saccharum spp.)
650 _aCana de Acucar
650 _aHerbicida
650 _aDeterioracao do Solo
650 _aPersistencia de Pesticida
773 0 _tPesquisa Agropecuaria Brasileira (Brazil)
_xISSN 0100-204X
_g(Jun 1995), v. 30(6) p. 775-778
_wBR9601840
909 _a202311
_bLúcia
_c55
_dLúcia Elande
942 _2AGRIS
_n0
_cANA
999 _c152357
_d152357